000 01213nam a2200313 i 4500
003 EG-GICUC
005 20260129232113.0
008 260129s1983 ua ||||fr|||| 00| 0 ara d
017 _a۱۹۸۳/٢٤٠٢
020 _a٤ - ٠٠٥٦ - ٠٤ - ١٩٧٧
040 _a EG-GICUC
_bara
_c EG-GICUC
_d EG-GICUC
_erda
082 0 4 _221
_a345.2213
_bع ب . س
092 0 4 _221
099 _aLaw1 07 345.2213 ع ب . س 1983
100 0 _aعبد الله إبراهيم ناصف
_eمؤلف.
245 1 2 _aالسلطة السياسية :
_bضرورتها وطبيعتها /
_cدكتور عبد الله إبراهيم ناصف.
264 3 _aالقاهرة :
_bمطبعة جامعة القاهرة والكتاب الجامعي،
_c1983.
300 _a154 صفحة؛
_c24 سم.
336 _2rda content
_atext
337 _2rda media
_aComputer
338 _2rda carrier
_aOnline Resource
504 _aيشتمل على إرجاعات ببليوجرافية.
546 _aالنص باللغة العربية
650 1 4 _aالسلطة الرئاسية
650 1 4 _aالقانون الإداري
856 4 0 _uhttps://fll.law.cu.edu.eg/fulltext/bks/B07-03111.pdf
905 _a32
942 _2ddc
_cBK
_e21
_n0
999 _c60090
_d60090